000 00323nam a22001217a 4500
003 OSt
008 150418b xxu||||| |||| 00| 0 eng d
100 1 _aColes, William C.
041 _aeng
245 1 0 _aThe postal markings of New Jersey stampless covers
260 _aChicago, IL
_bCollectors Club of Chicago
300 _a0 pages
999 _c1226
_d1226